000 01170nam a22003257a 4500
001 BR8000435
003 BR-BrBNA
005 20230928090526.0
007 ta
008 230509b bl.||||| |||| 00| 0 por d
040 _aBR-BrBNA
_bpor
_cBiblioteca Nacional de Agricultura
041 _a(Por)
072 _aK50; F50
_b3240
_b8914
_b8919
090 _ 3240 BR8000435
100 1 _aCouto, L.C.
110 1 _aUniversidade Federal de Vicosa, MG (Brasil)
_0Tese (Magister Scientiae)
245 1 _aInfluencia da morfologia dos cavacos de madeira de Eucalyptus urophylla de origem hidrica na qualidade kraft [Eucalipto]
246 1 _a[Influence of woodshaving morphology of hybrid origin Eucalyptus urophylla on the quality of kraft cellulose [Eucalypt]]
260 3 _aVicosa, MG (Brasil):
_c1979.
300 _a118 p.
500 _a81 tables; 23 ref.; Summary (Por). (*) Documento disponível na(o) Universidade Federal de Vicosa, MG (Brazil)
650 _aIndustria florestal
650 _aEstrutura vegetal
650 _aEucalipto
650 _aCavaco
650 _aCelulose
650 _aMadeira
909 _a202309
_bLucia
_c55
_dLucia Elande
942 _cBK
999 _c29202
_d29202